000
00309nam a22001217a 4500
999
_c
12077
_d
12077
082
_a
823.91
100
_a
SZABIST Karachi
245
_a
Democracy the only way for Pakistan
_b
Interviews of Benazir Bhutto
260
_a
Karachi
_b
SZABIST Karachi
_c
2008
300
_a
177
650
_a
Biography
942
_c
BK